| 000 | 00873nam a2200301Ia 4500 | ||
|---|---|---|---|
| 001 | 14787 | ||
| 003 | IT-RoPAU | ||
| 008 | 130308s9999 xx 000 0 und d | ||
| 040 | _aIT-RoPAU | ||
| 040 | _cIT-RoPAU | ||
| 041 | _aITALIANO | ||
| 100 | _aEco Umberto | ||
| 100 | _gCodice Aut. SPICS: 7017 | ||
| 245 | _aLezione e contraddizioni della semiotica sovietica | ||
| 245 | _bSistemi di segni e Lo Strutturalismo sovietico (I) | ||
| 250 | _a1a ed. | ||
| 260 | _aMILANO | ||
| 260 | _bBompiani | ||
| 260 | _c1969 [1° Ed.:1969 - Ed.Ling.Originale:1969] | ||
| 300 | _a"19 p. (prefazione: no ; testo: 19 [pagine: 13-31])" | ||
| 500 | _aDai Formalisti Ai Neo Semiotici OggettivitĂ delle leggi semiotiche Significato e Cose | ||
| 650 | _aSEMIOLOGIA | ||
| 650 | _eCodice materia Spics: 3251 | ||
| 942 | _cBK | ||
| 957 | _71 | ||
| 999 |
_c40865 _d40865 |
||
| 999 | _bSI | ||
| 999 | _g1 | ||